01185nam a22001457a 4500999001900000008004100019100003600060245003800096260004300134300004800177520064100225773004300866942000700909952012300916 c533785d533785260623b ||||| |||| 00| 0 eng d aSheikh, Gulammohammaed 961309 aAmong several cultures and times  aIndia International Center Quarterly  a52 (3&4), Winter 2025- Summer 2026: p.45-69 aLiving in India means living simultaneously in several cultures and times. One often walks into medieval situations and runs into primitive people. The past exists as a living entity alongside the present, each illuminating and sustaining the other. As times and cultures converge, the citadels of prism explode. Traditional and moderns, private and public continually telescope and reunite. The kaleidoscopic flux of images engages me to construe structures in the process of being created. Like the many eyed and many armed archetype of an Indian child. Scolded with multiple visions, I draw my energy from the source. – Reproduced  aIndia International Center Quarterly  cAR 00102ddc40709408964aIIPAbIIPAd2026-06-23h52 (3&4), Winter 2025- Summer 2026: p.45-69pAR139248r2026-06-23yAR